000 00684nam a22002177a 4500
999 _c169238
_d169238
003 dpl
005 20191109161824.0
008 191109b ||||| |||| 00| 0 eng d
010 _aA-893954
020 _a81-260-0276-X
035 _aA-893954
040 _c0
100 _aMohanty,Gopinath
_d1997
245 _aThe Ancestor
_bDadi Budha
_cGopinath Mohanty &Translated by Arun Kumar Mohanty
_hEnglish
250 _aFirst Edition
260 _aNew Delhi
_bSahitya Akademi Rabindra Bhavan,35 Ferozeshah Road
_c1997
300 _a66p.
_c17cms
_g17cms
500 _aTranslator's Introduction and Glossary
700 _aArun Kumar Mohanty
942 _2ddc
_cEN
_hN
_iMOH
_kN
_mMOH